Ligne 3 et 3bis Métro Paris - Statistiques

Statistiques générales
  • Ce quiz a été pris 456 fois
  • Le résultat moyen est 20 sur 29
Statistiques - réponses
Ligne Indice Réponse % Correct
3 M3bis Gambetta
83%
3bis M3 Gambetta
83%
3 M12 M13 M14 ; RER E ; Tr J L Saint-Lazare
83%
3 M2 Villiers
83%
3 Gallieni
82%
3 M7 M8 ; RER A Opéra
77%
3 M5 M8 M9 M11 République
77%
3 M2 Père Lachaise
76%
3 M11 Arts et Métiers
75%
3 M9 ; RER A Havre - Caumartin
72%
3 Europe
69%
3 M4 Réaumur - Sébastopol
69%
3 T3b Porte de Champerret
68%
3 Bourse
67%
3 T3b Porte de Bagnolet
67%
3 Temple
67%
3 Wagram
66%
3 Louise Michel
65%
3bis M11 ; T3b Porte des Lilas
65%
3 Sentier
65%
3 Pont de Levallois - Bécon
62%
3 Quatre-Septembre
61%
3 RER C Pereire
60%
3 Anatole France
59%
3 Rue Saint-Maur
58%
3 Malesherbes
57%
3 Parmentier
57%
3bis Pelleport
47%
3bis Saint-Fargeau
45%
Aucun quiz correspondant
Distribution des résultats
% des personnes avec chaque résultat
Percentile par nombre de réponses
Votre historique - résultats
Vous n’avez pas pris ce quiz